000 00781nam a2200241Ia 4500
003 OSt
005 20220923214834.0
006 a|||||r|||| 00| 0
007 ta
008 220922b |||||||| |||| 00| 0 hin d
024 _a173,200
037 _cTextual
040 _aARTS
_cARTS
_bhin
041 _2hin
_ahin
082 _aO152,4M80x, K2
100 _aप्रेमचंद
_9156277
245 0 _aचिट्ठी पत्री, संक -मदन गोपाल और अमृतराय
246 _aChiṭṭhī patrī, sanka0-madan gopāl aur amṛutarāya
260 _c1962
650 _aहिन्दी साहित्य
_9156264
942 _hO152,4M80x, K2
_cTEXL
_2CC
999 _c327107
_d327107